| 000 | 00835cab a2200229 4500 | ||
|---|---|---|---|
| 001 | WB3338-42 | ||
| 008 | 090401t1997 xxu||||| |||| 00| 0 eng d | ||
| 035 | _a(Sirsi) u81241 | ||
| 041 | _aeng | ||
| 245 | _aSurveyors lack skills | ||
| 260 | _c1997 | ||
| 350 | _a0 | ||
| 490 |
_aProperty Week _v61(1) 3 October 1997, 16(1) |
||
| 520 | _aThe chief executive of the Leasehold Advisory Service expresses fears that chartered surveyors and solicitors may lack skills to represent tenants at tribunals dealing with service charges, insurance or appointing a manager for a block of flats. | ||
| 650 | _aABOUT RICS-RICS MEMBERS | ||
| 650 | _aHOUSING ACT 1996 | ||
| 650 | _aLEASEHOLD ADVISORY SERVICE | ||
| 650 | _aTRIBUNALS | ||
| 690 | _aMANAGEMENT-BUSINESS MANAGEMENT-PROFESSIONAL PRACTICE | ||
| 942 | _n0 | ||
| 948 | _c03/10/1997 | ||
| 999 |
_c51204 _d51204 |
||